00678 2200241 4500001002100000005001500021035002000036007000300056008004100059020002200100082001000122084001600132100002700148245007400175250001100249260003700260300003600297650003400333700001800367504002900385990001100414990001100425INLIS00000000000431620191024091946 a0010-1019000168ta191024 g 1 ind  a978-602-1547-20-5 a612.6 a612.6 HAS b0 aHASDIANAH, Hasan Rohan1 aBuku Ajar Kesehatan Reproduksi /cHasdianah Hasan Rohan, Sandu Siyoto acet. 2 aYogyakarta :bNuha Medika,c2015 aviii, 367 hlm :bilus. ;c28 cm 4aFISIOLOGI. MANUSIA REPRODULSI0 aSANDU, Siyoto aBibliografi: 363-367 hlm a7041 a a7041 b